000 00615nam a2200229 a 4500
001 BRCA_7830
005 20190320210020.0
008 011113s17961800au-#######---#000-0#ger-#
041 _ager
044 _aau
050 4 _aBJ1563
_b.U24
_c1796
245 1 0 _aUber den Umgang mit Menschen in drey Theilen von Adolph Freiherr Knigge.
250 _a6a. ed.
260 _aViena, Austria
_bHaas
_c1796-1800
300 _a447 p. (3 v. en 1)
_bil.
_c19 cm.
500 _aY28
650 1 4 _aConducta de vida
_919384
650 1 4 _aÉtica social
_919385
650 1 4 _aSociología
_919386
902 _aGFM
942 _2lcc
_cB
999 _c7504
_d7504